Wobbly Table Quiz - Statistics

General Stats
  • This quiz has been taken 7 times
  • The average score is 5 of 15
Answer Stats
Hint Answer % Correct
Did you complete the quiz first try? No
75%
I'm hiding the answer to this question, you'll never win. No I'm serious.
75%
Why is it called the Wobbly Table? It's wobbly
50%
When is lunchtime? 11:30
25%
If the table wobbles at a 20 degree angle, the wind blows at 8 mph, there is a total of 29 lbs of weight on the table, and I keep coming up with ridiculous conditions to make this problem super long that you probably won't read the whole way through and get frustrated and spam answers, how old is Mr Nelson. 24 3/4 (unc)
25%
If two trains are on the same track, and are 60 miles away from each other, and one train is moving at 67 mph and the other is moving at 420 mph, when will they collide and will the people inside survive? 7 minutes 23 seconds, they will survive with minor injuries.
25%
What is Gentry's favorite fruit? A Banana
25%
What is to the right of the Wobbly Table? A window
25%
How many chairs are at the table? cant count that high
25%
How did LeBron James' legacy affect the wobbliness of the table? He once dunked and landed on the table, causing a more significant wobble
25%
What is the first letter of all the answers IN1CTT7AAHNN26💔
25%
Who typed this sentence? Noah
25%
Who sits at it currently? Noah, Gentry, Clement, Elwin
25%
Why is gambling illegal at school? The State is rigging it against us so we can't get rich
25%
Why does it wobble? The thingy is loose or something like that
25%
No matching quizzes found
Score Distribution
Percent of People with Each Score
Percentile by Number Answered
Your Score History
You have not taken this quiz